000 00370nam a22001577a 4500
003 MPLRDC
005 20220104123618.0
008 210129b ||||| |||| 00| 0 eng d
082 _a220.7 SSFFS
100 _a释圣法法师
245 _a佛学常识问答
_c
260 _a
_b慈光寺
_c1988
300 _b
650 _a佛教杂论
942 _cBK
_o220.7 SSFFS
999 _c12785
_d12775